MDQL
is popping MORE tags! Check the
thread
!
Quizzes
Events
Quiz Creation
Community
Videos
Private Events
Remove Ads
Sign In
Join for FREE
Feedback
Dark Mode
Quiz Categories
Sports
Geography
Music
Movies
Television
Just For Fun
Miscellaneous
History
Literature
Language
Science
Gaming
Entertainment
Religion
Holiday
For Kids
Quiz Lab
Recent
Popular Today
Quiz Kudos Today
Editor Picks
Curator Picks
Quizzes by...
Day
Popularity
Type
Ratings
Length
Year
Community
Subscriptions
Recent Discussions
Orange Saloon
Badges
Playlists
Quests
Create
Leaderboards
Showdown
Live 5
Trivia Bingo
Activity
Puzzle Library
Sporcle Events
Private Events
Virtual Trivia
Globe League
Become a Host
Pub Owners
SporcleCon
Opinionation
Our Games
Videos
Blog
Mobile Apps
Partnerships
Remove Ads and Go Orange
Feedback
Music
Pop Music
The Beatles
Song
Album
Lyrics
Bands
Singers
Artist
Clip
Rock
Rap
Classical
Billboard
Country Music
Kpop
Taylor Swift
Music
Pop Music
The Beatles
Song
Album
Lyrics
Bands
Singers
Artist
Clip
Rock
Rap
Classical
Billboard
Country Music
Kpop
Taylor Swift
Random Quiz
Search Sporcle
×
Quiz Lab
Quiz Lab
Music
Song
Type in answers that appear in a list
Type in answers that appear in a list
Classic
Best Score? Go Orange.
At The Drive-In Songs Stats
Can you name the At The Drive-In Songs?
By
jmadrox
10m
93 Questions
22 Plays
22 Plays
22 Plays
Comments
Comments
Give Quiz Kudos
Give Quiz Kudos
-
- Ratings
hide this ad
Replay
Link that replays current quiz
Next Quiz
Link to next quiz in quiz playlist
You Got
0%
They Got
Avg Score
51%
Avg Friend Score
Upgrade to see
Score Distribution
Jump to the score distribution portion of the page
Score
0/93
Timer
10:00
0
Plays Today
Album
Songs
% Correct
Relationship of Command
Rolodex Propaganda
95.5%
Rolodex Propaganda
Rolodex Propaganda
95.5%
Relationship of Command
Invalid Litter Dept.
90.9%
Rolodex Propaganda
One Armed Scissor (Lamacq Version)
86.4%
Invalid Litter Dept.
Invalid Litter Dept.
86.4%
Live In Tokyo, Japan, January 18, 2001
Invalid Litter Dept
86.4%
Relationship of Command
Arcarsenal
81.8%
Relationship of Command
One Armed Scissor
81.8%
Relationship of Command
Enfilade
81.8%
Live In Tokyo, Japan, January 18, 2001
Arcarsenal
81.8%
Live In Tokyo, Japan, January 18, 2001
Enfilade
77.3%
This Station Is Non-
Operational
One Armed Scissor
77.3%
This Station Is Non-
Operational
Enfilade
72.7%
In/
Casino/
Out
Chanbara
68.2%
This Station Is Non-
Operational
Chanbara
68.2%
In/
Casino/
Out
Pickpocket
63.6%
Relationship of Command
Pattern Against User
63.6%
Relationship of Command
Quarantined
63.6%
Relationship of Command
Non-Zero Possibility
63.6%
Invalid Litter Dept.
Quarantined (Lamacq Version)
63.6%
This Station Is Non-
Operational
Pickpocket
63.6%
In/
Casino/
Out
Hulahoop Wounds
59.1%
In/
Casino/
Out
Napoleon Solo
59.1%
In/
Casino/
Out
For Now...We Toast
59.1%
Live In Tokyo, Japan, January 18, 2001
Pattern Against User
59.1%
This Station Is Non-
Operational
Non-Zero Possibility
59.1%
In/
Casino/
Out
Alpha Centauri'
54.5%
In/
Casino/
Out
A Devil Among The Tailors
54.5%
In/
Casino/
Out
Shaking Hand Incision
54.5%
In/
Casino/
Out
Lopsided
54.5%
In/
Casino/
Out
Hourglass
54.5%
Album
Songs
% Correct
Vaya
Rascuache
54.5%
Vaya
198d
54.5%
At The Drive-
In And The Murder City Devils
Rascuache (Remix – The Latch Brothers)
54.5%
Live In Tokyo, Japan, January 18, 2001
Sleepwalk Capsules
54.5%
This Station Is Non-
Operational
Lopsided
54.5%
Acrobatic Tenement
Star Slight
50%
Acrobatic Tenement
Initiation
50%
El Gran Orgo
Honest To A Fault
50%
El Gran Orgo
Picket Fence Cartel
50%
In/
Casino/
Out
Transatlantic Foe
50%
Vaya
Proxima Centauri
50%
Vaya
Ursa Minor
50%
Vaya
300 MHz
50%
Relationship of Command
Sleepwalk Capsules
50%
Relationship of Command
Mannequin Republic
50%
Relationship of Command
Cosmonaut
50%
At The Drive-
In /
Burning Airlines
Catacomb
50%
Invalid Litter Dept.
Initiation (Lamacq Version)
50%
Invalid Litter Dept.
Metronome Arthritis
50%
Live In Tokyo, Japan, January 18, 2001
Cosmonaut
50%
This Station Is Non-
Operational
Picket Fence Cartel
50%
This Station Is Non-
Operational
Metronome Arthritis
50%
This Station Is Non-
Operational
Rascuache (Latch Bros. remix)
50%
Acrobatic Tenement
Ticklish
45.5%
Acrobatic Tenement
Coating Of Arms
45.5%
El Gran Orgo
Fahrenheit
45.5%
Vaya
Metronome Arthritis
45.5%
Sunshine /
At the Drive-
In
Extracurricular
45.5%
This Station Is Non-
Operational
Fahrenheit
45.5%
This Station Is Non-
Operational
198d
45.5%
This Station Is Non-
Operational
Initiation
45.5%
Album
Songs
% Correct
¡Alfaro Vive, Carajo!
Bradley Smith
40.9%
Acrobatic Tenement
Ebroglio
40.9%
Acrobatic Tenement
Communication Drive-In
40.9%
Acrobatic Tenement
Blue Tag
40.9%
Acrobatic Tenement
Porfirio Diaz
40.9%
El Gran Orgo
Give It A Name
40.9%
El Gran Orgo
Intermission
40.9%
El Gran Orgo
Speechless
40.9%
Vaya
Heliotrope
40.9%
Rolodex Propaganda
Extracurricular
40.9%
Live In Tokyo, Japan, January 18, 2001
Extracurricular
40.9%
Hell Paso
Red Planet
36.4%
¡Alfaro Vive, Carajo!
Instigate The Role
36.4%
¡Alfaro Vive, Carajo!
Ludvico Drive-In
36.4%
Acrobatic Tenement
Schaffino
36.4%
Acrobatic Tenement
Skips on the Record
36.4%
Acrobatic Tenement
Paid Vacation Time
36.4%
El Gran Orgo
Winter Month Novelty
36.4%
Invalid Litter Dept.
Take Up Thy Stethoscope And Walk (Lamacq Version)
36.4%
Hell Paso
Grand Mox Turkin
31.8%
¡Alfaro Vive, Carajo!
Circuit Scene
31.8%
At The Drive In /
The Aasee Lake
Doorman's Placebo
31.8%
This Station Is Non-
Operational
This Night Has Opened My Eyes
31.8%
This Station Is Non-
Operational
Take Up Thy Stethoscope and Walk
31.8%
Hell Paso
Emptiness Is A Mule
27.3%
Live In Tokyo, Japan, January 18, 2001
Raschuache
27.3%
This Station Is Non-
Operational
Incetardis
27.3%
This Station Is Non-
Operational
Doorman's Placebo
27.3%
Sunshine /
At the Drive-
In
Autorelocater
22.7%
This Station Is Non-
Operational
Autorelocator
22.7%
This Station Is Non-
Operational
Nepoleon Solo
9.1%
Quiz Playlist
Details
Report
Send in Message
Add To Playlist
Classic:
Type in answers that appear in a list
Quiz Source
Last Updated: Feb 16, 2017
Quiz Scoreboard
CHALLENGE
Sign Up to Join the Scoreboard
Show All
Scores
Hide
Comments
May contain spoilers
Recently Published
5x2 Blitz: Bands
by SL_Kpop136
Music
30s
Colored Red Africa Blitz
by spor1
Geography
30s
Find the 'City' Movie
by crazypaving
Movies
60s
More to Explore
Quiz From the Vault
Featured Blog Post
14 Easter Pick-up Lines to Find Eggs With
hide this ad
You Might Also Like...
Tags
Album Quiz
Song Quiz
Today's Top Quizzes in Music
Browse Music
hide this ad
Today's Top Quizzes in Song
Browse Song
Top Contributed Quizzes in Music
1
5X2 Blitz: Bands II
2
Taylor Swift All Songs (2024)
3
5X2 Blitz: The Beatles
4
5X2 Blitz: Billboard
5
Taylor Swift Logic Puzzle
6
Taylor Swift Logic Puzzle II
7
5X2 Blitz: Album
8
5X2 Blitz: Billboard II
9
Music Artist by Three 2010s hits
10
5X2 Blitz: Rock
Explore More
Trending Topics
Harry Potter
Marvel
NBA
Anime
Disney
Kpop
Crossword
NFL
Puzzle
Song
Country
Pokémon
The Office
Soccer
WWE
hide this ad
More By:
jmadrox
Quiz
Plays
Rating
Category
Featured
Created
Chuck Lorre TV Shows
12,383
3.98
Television
Dec 13, 2011
Bill Paxton Movies
9,021
4.53
Movies
Jul 3, 2010
Goldie Hawn Movies
1,018
4.20
Movies
May 20, 2010
X-Men Members
1,011
4.50
Literature
Sep 18, 2010
Blondie Songs
922
5.00
Music
Jan 16, 2012
Go to Creator's Profile
Score Distribution
Quiz Creator Spotlight
jmadrox
Follow
Send a Message
Quizzes Created
-
Created Quiz Play Count
-
More By This Creator
Popular Quizzes Today
1
Find the 'City' Movie
2
5x2 Blitz: Bands
3
Colored Red Africa Blitz
4
The Countries of the World
5
Find the US States - No Outlines Minefield
6
Find the US States
7
9x9 Crossword: Cartoon Network
8
US States
More Music Quizzes
My Kpop 2021 playlist on shuffle (January - August)
Quiz Lab
Trending Quizzes
Colored Red Africa Blitz II
Colored Red Europe Blitz I
Colored Red Africa Blitz III
Colored Red Europe Blitz II
Colored Red Europe Blitz III
Recently Updated
Champions League XIs: Real Madrid
pecheneg
Largest US Cities 1790-2010
pecheneg
Rides in Walt Disney World
pecheneg
Most Oscar Losses (Acting)
pecheneg
Beyoncé Albums
pecheneg
Leaping Animals
pecheneg
Reality TV Shows (A-Z)
bhenderson79
Rickey Henderson's Hall of Fame Teammates
pecheneg
Champions League XIs: Arsenal
pecheneg
Quick Pick: Celebrities in WWE's Hall of Fame
aduchscher
Trending Topics
Crossword
NBA
Marvel
Disney
Kpop
Anime
Harry Potter
Country
NFL
Pokémon
Puzzle
WWE
The Office
Soccer
Song
Your Account Isn't Verified!
In order to create a playlist on Sporcle, you need to verify the email address you used during registration. Go to your
Sporcle Settings
to finish the process.
Report this User
Report this user for behavior that violates our
Community Guidelines
.
Details:
Send Report
Go to the Sporcle.com Mobile Site →
Comments